Sociology themes and perspectives / (Record no. 160339)

MARC details
000 -LEADER
fixed length control field 01140nam a22002897a 4500
005 - DATE AND TIME OF LATEST TRANSACTION
control field 20190401124536.0
010 ## - LCCN (DPL NO)
LC control number B-713100 B-719518
020 ## - INTERNATIONAL STANDARD BOOK NUMBER
International Standard Book Number 9780007583195
Terms of availability 1195.00
035 ## - SYSTEM CONTROL NUMBER
System control number B-713100
035 ## - SYSTEM CONTROL NUMBER
System control number B-719518
037 ## - SOURCE OF ACQUISITION
Source of stock number/acquisition RK Books
037 ## - SOURCE OF ACQUISITION
Source of stock number/acquisition Aksharesh Enterprises
082 ## - DEWEY DECIMAL CLASSIFICATION NUMBER
Classification number 301
100 ## - MAIN ENTRY--PERSONAL NAME
Personal name Haralambos, Michael
245 ## - TITLE STATEMENT
Title Sociology themes and perspectives /
Statement of responsibility, etc by Michael Haralambos et al.
250 ## - EDITION STATEMENT
Edition statement 8th ed.
260 ## - PUBLICATION, DISTRIBUTION, ETC. (IMPRINT)
Place of publication, distribution, etc London, UK
Name of publisher, distributor, etc Harper Collins
Date of publication, distribution, etc 2018
270 ## - ADDRESS
Address I London Bridge Street
City London, UK
300 ## - PHYSICAL DESCRIPTION
Extent 1098p.:
Dimensions 25cm(pbk)
Other physical details ill.
500 ## - GENERAL NOTE
General note Includes bibliographical references & index
700 ## - ADDED ENTRY--PERSONAL NAME
Personal name Holborn, Martin
700 ## - ADDED ENTRY--PERSONAL NAME
Personal name Chapman, Steve
700 ## - ADDED ENTRY--PERSONAL NAME
Personal name Moore, Stephen
942 ## - ADDED ENTRY ELEMENTS (KOHA)
Source of classification or shelving scheme Dewey Decimal Classification
Item type English Books
Call number suffix SOC
Classification part 301
Holdings
Withdrawn status Lost status Not for loan Collection code Home library Current library Date acquired Source of acquisition Cost, normal purchase price Full call number Barcode Copy number Cost, replacement price Koha item type
      Non-fiction Ashok Vihar Ashok Vihar 05/02/2019 RK Books/IN2882/18-19/16-01-19/565/07-01-19/04-02-19 1195.00 301 HAR B-713100 1 1195.00 English Books
      Non-fiction Sarojini Nagar Sarojini Nagar 01/04/2019 Aksharesh Enterprises/0012/27-03-19/720/16-03-19/29-03-19 1195.00 301 SOC B-719518 1 1195.00 English Books

© Delhi Public Library
Hit Counter
free hit counter